000 00428nam a2200181Ia 4500
001 11138
005 20260306161924.0
008 260306t1998||||xx |||||||||||||| ||spa||
041 _aESP
082 _a985.009
_bV75 T. 1
100 _aViscardo y Guzmán, Juan Pablo
_eAUT
245 0 _aObra completa
260 _c1998
300 _a307 páginas :
_c21 cm.
650 _aGEN
654 _aCHU
942 _cLIB
_dJUS
_fJUS
_2ddc
_n
999 _c11138
_d11138